Điện kỹ thuật Lý thuyết, bài tập giải sẵn, bài tập có đáp số

Na minha lista:
Detalhes bibliográficos
Autor principal: Phan Ngọc Bích
Formato: Livro
Idioma:Undetermined
Publicado em: Hà Nội KHKT 2000
Assuntos:
Tags: Adicionar Tag
Sem tags, seja o primeiro a adicionar uma tag!
Thư viện lưu trữ: Trung tâm Học liệu Trường Đại học Cần Thơ
LEADER 00551nam a2200181Ia 4500
001 CTU_39623
008 210402s9999 xx 000 0 und d
082 |a 537 
082 |b B302 
100 |a Phan Ngọc Bích 
245 0 |a Điện kỹ thuật 
245 0 |b Lý thuyết, bài tập giải sẵn, bài tập có đáp số 
245 0 |c Phan Ngọc Bích 
260 |a Hà Nội 
260 |b KHKT 
260 |c 2000 
650 |a electricity,electronics,physics 
980 |a Trung tâm Học liệu Trường Đại học Cần Thơ